[Event "Mondiale Lampo FIDE 2019"]
[Site "Mosca"]
[Date "29.12.2019"]
[Round "8.60"]
[White "Studer, Noel"]
[Black "Donchenko, Alexander"]
[Result "0-1"]
[WhiteTitle "GM"]
[BlackTitle "GM"]
[WhiteElo "2546"]
[BlackElo "2644"]
[WhiteFideId "1319620"]
[BlackFideId "24603295"]
[EventDate "2019.12.29"]

1. d4 Nf6 2. c4 e6 3. Nf3 c5 4. d5 d6 5. Nc3 exd5 6. cxd5 g6 7. Bf4 Bg7 8. Qa4+
Bd7 9. Qb3 b5 10. Bxd6 Qb6 11. Be5 O-O 12. e3 c4 13. Qd1 b4 14. Nb1 Rc8 15. Be2
Qa5 16. O-O Qxd5 17. Qxd5 Nxd5 18. Bxg7 Kxg7 19. Rc1 c3 20. bxc3 bxc3 21. Ne5
Be6 22. Bf3 Nc6 23. Nxc6 Rxc6 24. Nxc3 Rac8 25. Ne2 Rxc1+ 26. Rxc1 Rxc1+ 27.
Nxc1 Nc3 28. a3 Bc4 29. Bc6 a5 30. a4 Kf6 31. f3 Ke7 32. Kf2 Kd6 33. Be8 Nd1+
34. Ke1 Nxe3 35. g3 Kc5 36. h4 f6 37. h5 g5 38. f4 h6 39. fxg5 fxg5 40. Kf2 Ng4+
41. Kf3 Nf6 42. Bg6 Kb4 43. Bc2 Kc3 44. Bg6 Kd2 45. Nb3+ Bxb3 0-1

[Event "Mondiale Lampo FIDE 2019"]
[Site "Mosca"]
[Date "29.12.2019"]
[Round "8.61"]
[White "Postny, Evgeny"]
[Black "Dragnev, Valentin"]
[Result "1-0"]
[WhiteTitle "GM"]
[BlackTitle "GM"]
[WhiteElo "2605"]
[BlackElo "2553"]
[WhiteFideId "2804344"]
[BlackFideId "1634852"]
[EventDate "2019.12.29"]

1. d4 Nf6 2. c4 e6 3. Nf3 d5 4. g3 Bb4+ 5. Bd2 Be7 6. Bg2 O-O 7. O-O Nbd7 8. Qc2
c6 9. Rd1 b6 10. Bf4 Ba6 11. b3 Rc8 12. Ne5 Nxe5 13. dxe5 Nd7 14. h4 Qc7 15. Qc3
Rfd8 16. Nd2 h6 17. Nf3 Bb7 18. g4 c5 19. cxd5 Bxd5 20. Qe3 Qb7 21. h5 Bf8 22.
g5 hxg5 23. Bxg5 Re8 24. h6 f6 25. hxg7 Bxg7 26. exf6 Nxf6 27. Rac1 Rf8 28. Bh3
Ne4 29. Bf4 Qf7 30. Bh2 Qh5 31. Bxe6+ Bxe6 32. Qxe4 Qg4+ 33. Qxg4 Bxg4 34. Rc4
Bxf3 35. exf3 Rxf3 36. Rg4 Rf7 37. Be5 Rcf8 38. Bxg7 Rxg7 39. Rxg7+ Kxg7 40.
Rd7+ Rf7 41. Rxf7+ Kxf7 42. Kg2 Kf6 43. Kf3 Kf5 44. Ke3 b5 45. a4 bxa4 46. bxa4
a5 47. Kd3 Kf4 48. Kc4 Kf3 49. Kxc5 Kxf2 50. Kb5 1-0

[Event "Mondiale Lampo FIDE 2019"]
[Site "Mosca"]
[Date "29.12.2019"]
[Round "8.62"]
[White "Salem, A.R. Saleh"]
[Black "Vishnu Prasanna, V"]
[Result "1-0"]
[WhiteTitle "GM"]
[BlackTitle "GM"]
[WhiteElo "2675"]
[BlackElo "2493"]
[WhiteFideId "9301348"]
[BlackFideId "5030692"]
[EventDate "2019.12.29"]

1. d4 Nf6 2. c4 g6 3. Nc3 d5 4. cxd5 Nxd5 5. e4 Nxc3 6. bxc3 Bg7 7. Bc4 c5 8.
Ne2 Nc6 9. Be3 O-O 10. O-O Bg4 11. f3 Bd7 12. Rb1 Qc8 13. Bd3 b6 14. d5 Ne5 15.
c4 e6 16. Nf4 Re8 17. Be2 Qa6 18. Qc2 Qa4 19. Qb3 Rad8 20. h4 Qa5 21. h5 Qa6 22.
Qc2 Ba4 23. Qc1 exd5 24. Nxd5 Nc6 25. h6 Bh8 26. Bg5 Rd6 27. Qf4 Be5 28. Qh4 Nd4
29. Bd3 Qc8 30. f4 Bh8 31. e5 Rc6 32. Rbe1 b5 33. Bf6 bxc4 34. Bxc4 Nf5 35. Qg5
Rce6 36. Bxh8 Kxh8 37. Nf6 Rd8 38. Bxe6 Qxe6 39. Ne4 Rd5 40. Rb1 1-0

[Event "Mondiale Lampo FIDE 2019"]
[Site "Mosca"]
[Date "29.12.2019"]
[Round "8.63"]
[White "Vallejo Pons, Francisco"]
[Black "Santos Ruiz, Miguel"]
[Result "1-0"]
[WhiteTitle "GM"]
[BlackTitle "GM"]
[WhiteElo "2704"]
[BlackElo "2585"]
[WhiteFideId "2205530"]
[BlackFideId "22291482"]
[EventDate "2019.12.29"]

1. e4 e5 2. Nf3 Nc6 3. Bb5 Nf6 4. Nc3 Nd4 5. O-O Nxb5 6. Nxb5 d6 7. d4 c6 8.
dxe5 Nxe4 9. Nxd6+ Nxd6 10. exd6 Bxd6 11. Bg5 f6 12. Re1+ Kf7 13. Bh4 Bf5 14.
Nd4 Bg6 15. Qe2 Be5 16. Nf3 Qe7 17. Qc4+ Qe6 18. Qb4 Qd6 19. Nxe5+ 1-0

[Event "Mondiale Lampo FIDE 2019"]
[Site "Mosca"]
[Date "29.12.2019"]
[Round "8.64"]
[White "Belov, Vladimir"]
[Black "Narayanan, Srinath"]
[Result "1/2-1/2"]
[WhiteTitle "GM"]
[BlackTitle "GM"]
[WhiteElo "2598"]
[BlackElo "2529"]
[WhiteFideId "4132394"]
[BlackFideId "5018420"]
[EventDate "2019.12.29"]

1. d4 Nf6 2. c4 e6 3. Nf3 d5 4. Nc3 Bb4 5. Qa4+ Nc6 6. a3 Bxc3+ 7. bxc3 O-O 8.
Bg5 h6 9. Bh4 g5 10. Bg3 Ne4 11. Qc2 f5 12. e3 Bd7 13. Be2 Be8 14. Rb1 Na5 15.
cxd5 exd5 16. Be5 b5 17. Nd2 Nc4 18. Nxc4 bxc4 19. f3 Nd6 20. h4 gxh4 21. Bf4
Qf6 22. Kf2 Bg6 23. Rh2 Nf7 24. Rbh1 Rfe8 25. Rxh4 c5 26. Bxh6 cxd4 27. exd4
Nxh6 28. Rxh6 Kg7 29. Qd2 f4 30. Bd1 Qg5 31. R6h3 Re3 32. Bc2 Rae8 33. Bxg6 Re2+
34. Qxe2 Rxe2+ 35. Kxe2 Qxg2+ 36. Kd1 Kxg6 37. Rh6+ Kg7 38. Rh7+ Kg8 39. Rh8+
Kg7 40. R8h7+ Kg8 41. Rh8+ Kg7 1/2-1/2

[Event "Mondiale Lampo FIDE 2019"]
[Site "Mosca"]
[Date "29.12.2019"]
[Round "8.66"]
[White "Reshetnikov, Alexey"]
[Black "Grigoriants, Sergey"]
[Result "0-1"]
[WhiteTitle "IM"]
[BlackTitle "GM"]
[WhiteElo "2492"]
[BlackElo "2542"]
[WhiteFideId "4162080"]
[BlackFideId "4130804"]
[EventDate "2019.12.29"]

1. b3 d5 2. Bb2 Bf5 3. e3 e6 4. Nf3 Nf6 5. g3 h6 6. Bg2 Be7 7. O-O O-O 8. d3 Bh7
9. Nbd2 a5 10. a3 c5 11. a4 Nc6 12. Ne5 Nb4 13. h3 Rc8 14. f4 Nd7 15. Nxd7 Qxd7
16. Nf3 f6 17. Ne1 Rfd8 18. c3 Nc6 19. Qe2 e5 20. fxe5 Nxe5 21. Rd1 Qc7 22. c4
dxc4 23. bxc4 Kh8 24. Bd5 Nc6 25. Qg4 Nb4 26. Be6 Ra8 27. e4 Qc6 28. Bd5 Qxa4
29. Ng2 Qd7 30. Qh5 a4 31. Nf4 a3 32. Ba1 Nc2 33. Ne6 Rg8 34. Bc3 Ne3 35. Nf4
Nxd1 36. Rxd1 Bd6 37. Bxg8 Rxg8 38. Nd5 a2 39. Ra1 Qa4 40. Qe2 Bxg3 41. Rxa2 Qd7
42. Qg2 Be5 43. Bxe5 fxe5 44. Rf2 b5 45. cxb5 Qxb5 46. Qg3 c4 47. Nc3 Qb4 48.
Qxe5 cxd3 49. Rf3 d2 50. Rd3 Qb6+ 51. Qd4 Qg6+ 0-1

[Event "Mondiale Lampo FIDE 2019"]
[Site "Mosca"]
[Date "29.12.2019"]
[Round "8.67"]
[White "Bologan, Victor"]
[Black "Khanin, Semen"]
[Result "0-1"]
[WhiteTitle "GM"]
[BlackTitle "IM"]
[WhiteElo "2574"]
[BlackElo "2500"]
[WhiteFideId "13900048"]
[BlackFideId "4111990"]
[EventDate "2019.12.29"]

1. e4 e5 2. Nf3 Nc6 3. Bc4 Bc5 4. c3 Nf6 5. d3 d6 6. Nbd2 a6 7. Bb3 h6 8. h3 Qe7
9. Nf1 Bd7 10. Ng3 O-O-O 11. Bc2 g5 12. b4 Bb6 13. a4 g4 14. hxg4 Nxg4 15. Rf1
Rhg8 16. b5 Na5 17. d4 f5 18. bxa6 fxe4 19. axb7+ Kb8 20. Bxe4 exd4 21. Nxd4 d5
22. Ba3 Qe5 23. f4 Qe8 24. Qe2 dxe4 25. Nxe4 Bc6 26. Nxc6+ Qxc6 0-1

[Event "Mondiale Lampo FIDE 2019"]
[Site "Mosca"]
[Date "29.12.2019"]
[Round "8.68"]
[White "Triapishko, Alexandr"]
[Black "Kezin, Roman"]
[Result "1/2-1/2"]
[WhiteTitle "IM"]
[BlackTitle "IM"]
[WhiteElo "2502"]
[BlackElo "2470"]
[WhiteFideId "14122286"]
[BlackFideId "24124621"]
[EventDate "2019.12.29"]

1. Nf3 d5 2. g3 Nf6 3. Bg2 e6 4. O-O Be7 5. b3 c5 6. Bb2 O-O 7. c4 d4 8. e3 Nc6
9. exd4 cxd4 10. Re1 Re8 11. Ne5 Nxe5 12. Rxe5 Nd7 13. Re1 e5 14. d3 h6 15. Ba3
a5 16. Bxe7 Qxe7 17. Nd2 Nc5 18. Ne4 Ne6 19. Nd2 Nc5 20. Ne4 Ne6 21. Nd2 f6 22.
a3 Ra6 23. Qc2 b6 24. h4 Bb7 25. Bxb7 Qxb7 26. b4 Kh8 27. Rab1 axb4 28. axb4 g5
29. Ne4 Qe7 30. c5 gxh4 31. Qe2 hxg3 32. fxg3 Rg8 33. Qh5 Kh7 34. Rb2 Ng5 35.
Rh2 Qg7 36. Nxg5+ Qxg5 37. Qxg5 Rxg5 38. c6 b5 39. Rc1 Rg8 40. c7 Rc8 41. Rhc2
Kg7 42. Rc5 Ra7 43. Kg2 Kf7 44. Kf3 Ke7 45. Ke4 Rb7 46. Kf5 Rb6 47. g4 Kd7 48.
Rd5+ Ke7 49. Rdc5 Kd7 50. Rd5+ Ke7 51. Rdc5 Kd7 52. Rh1 Rxc7 53. Rxc7+ Kxc7 54.
Rxh6 Rc6 55. Ke4 Kd7 56. Kd5 Rc3 57. Rxf6 Rxd3 58. Kxe5 Rb3 59. Kxd4 Rxb4+ 60.
Kc5 Rxg4 1/2-1/2

[Event "Mondiale Lampo FIDE 2019"]
[Site "Mosca"]
[Date "29.12.2019"]
[Round "8.69"]
[White "Alekseenko, Kirill"]
[Black "Gundavaa, Bayarsaikhan"]
[Result "1-0"]
[WhiteTitle "GM"]
[BlackTitle "GM"]
[WhiteElo "2704"]
[BlackElo "2489"]
[WhiteFideId "4135539"]
[BlackFideId "4901045"]
[EventDate "2019.12.29"]

1. d4 d5 2. Nc3 Nf6 3. Bf4 a6 4. e3 e6 5. g4 c5 6. g5 cxd4 7. exd4 Ng8 8. Nf3
Nc6 9. h4 Bd6 10. Qd2 h5 11. O-O-O Nge7 12. Bd3 Qc7 13. Ne2 Nb4 14. Bxd6 Qxd6
15. Kb1 Nxd3 16. Qxd3 Bd7 17. Qd2 Ng6 18. Qe3 O-O-O 19. Ne5 Nxe5 20. dxe5 Qc7
21. Nd4 Kb8 22. f4 g6 23. Rd3 Rc8 24. Qd2 Qc5 25. Rhh3 Rc7 26. Rc3 Qa5 27. Nb3
Qb6 28. Rxc7 Kxc7 29. Rc3+ Kb8 30. Nc5 Bc6 31. Qd4 Qa5 32. a4 Rc8 33. b4 Qd8 34.
Kb2 Be8 35. Kb3 Ka8 36. Kb2 Rc7 37. Rb3 Qc8 38. a5 Bb5 39. Rc3 Rc6 40. Kc1 Kb8
41. Kd2 Qc7 42. Ke3 Kc8 43. Ra3 Kb8 44. Ra1 Qc8 45. Rg1 Qc7 46. f5 exf5 47. Qxd5
Qe7 48. Rd1 Rc7 49. Kf4 Bc6 50. Qd6 Ka7 51. c4 Kb8 52. Qd8+ Ka7 53. Rd6 Bg2 54.
Qxe7 Rxe7 55. b5 axb5 56. cxb5 Kb8 57. b6 Kc8 58. e6 fxe6 59. Ke5 f4 60. Kxf4
Rf7+ 61. Ke3 Bd5 62. Nxe6 Bxe6 63. Rxe6 Rf5 64. Rxg6 Rxa5 65. Rh6 Rb5 66. Rxh5
Rxb6 67. Rh6 Rb3+ 68. Kf4 Kd7 69. Rf6 Ke7 70. Kg4 Rb1 71. Rf2 b5 72. g6 b4 73.
Kh5 b3 74. Kh6 b2 75. h5 Ke6 76. g7 Rg1 77. Rxb2 1-0

[Event "Mondiale Lampo FIDE 2019"]
[Site "Mosca"]
[Date "29.12.2019"]
[Round "8.70"]
[White "Novikov, Stanislav"]
[Black "Castellanos Rodriguez, Renier"]
[Result "1-0"]
[WhiteTitle "GM"]
[BlackTitle "IM"]
[WhiteElo "2531"]
[BlackElo "2474"]
[WhiteFideId "4125371"]
[BlackFideId "3404650"]
[EventDate "2019.12.29"]

1. e4 c5 2. Nf3 d6 3. d4 cxd4 4. Nxd4 Nf6 5. Nc3 a6 6. Be3 e6 7. g4 h6 8. Qf3
Nbd7 9. Qg2 g5 10. h4 Rg8 11. hxg5 hxg5 12. O-O-O Ne5 13. f3 Bd7 14. Kb1 Rc8 15.
Qd2 Be7 16. Be2 b5 17. a3 Nc4 18. Bxc4 Rxc4 19. Nde2 a5 20. b3 Rc8 21. Rh6 Qc7
22. Bxg5 b4 23. Bxf6 bxc3 24. Qxc3 Qxc3 25. Bxc3 Bb5 26. Nd4 Rxc3 27. Nxb5 Rxf3
28. Nxd6+ Bxd6 29. Rxd6 Rxg4 30. Rd4 Re3 31. Rh8+ Ke7 32. Ra8 Rgxe4 33. Ra7+ Kf8
34. Rdd7 Rf4 35. Rxa5 Re2 36. Rc5 e5 37. a4 e4 38. Re5 Rf1+ 39. Kb2 Rff2 40. Rc7
e3 41. a5 Rf6 42. Rc3 Re6 43. Rxe6 fxe6 44. a6 Rd2 45. Rxe3 Ke7 46. a7 Rd8 47.
Re4 Ra8 48. Ra4 Kd6 49. Kc3 Kd5 50. Kd3 e5 51. c4+ Kc5 52. Ke4 Kd6 53. b4 Kc6 1-0

[Event "Mondiale Lampo FIDE 2019"]
[Site "Mosca"]
[Date "29.12.2019"]
[Round "8.71"]
[White "Frolyanov, Dmitry"]
[Black "Laznicka, Viktor"]
[Result "1-0"]
[WhiteTitle "GM"]
[BlackTitle "GM"]
[WhiteElo "2556"]
[BlackElo "2648"]
[WhiteFideId "4151976"]
[BlackFideId "316385"]
[EventDate "2019.12.29"]

1. e4 d5 2. exd5 Qxd5 3. Nc3 Qa5 4. Bc4 Nf6 5. Nf3 Bf5 6. Qe2 e6 7. d3 c6 8. Bd2
Qc7 9. O-O-O Bg6 10. Nh4 Nbd7 11. g4 O-O-O 12. f4 Bd6 13. Rhf1 Rde8 14. h3 Nd5
15. Qf3 f6 16. Nxg6 hxg6 17. Ne4 Be7 18. Kb1 Rh7 19. Rde1 Reh8 20. Nf2 Qd6 21.
Qe4 Nf8 22. a3 f5 23. Qe2 Bh4 24. Bxd5 Qxd5 25. Bc3 Bf6 26. Qd2 Nd7 27. Bxf6
gxf6 28. Qe3 fxg4 29. hxg4 Nc5 30. b4 Nd7 31. Qxe6 Qxe6 32. Rxe6 Rh4 33. Ne4 Rf8
34. g5 fxg5 35. Nxg5 Rf6 36. Rfe1 Rxe6 37. Rxe6 Nb6 38. Rxg6 Rxf4 39. Rg8+ Kd7
40. Rg7+ Kc8 41. Ne6 Rf1+ 42. Kb2 Na4+ 43. Kb3 b5 44. c4 Rb1+ 45. Kc2 Rb2+ 46.
Kc1 Rb3 47. Nd4 Rxd3 48. Nxc6 bxc4 49. Nxa7+ Kd8 50. Nc6+ Ke8 51. Ne5 Rc3+ 52.
Kd2 Rxa3 53. Nxc4 Rb3 54. b5 Kd8 55. Rg8+ Kc7 56. Rg7+ Kb8 57. Na5 Kc8 58. Nxb3 1-0

[Event "Mondiale Lampo FIDE 2019"]
[Site "Mosca"]
[Date "29.12.2019"]
[Round "8.72"]
[White "Atabayev, Saparmyrat"]
[Black "Krsnik Cohar, Ivan Vihor"]
[Result "0-1"]
[WhiteTitle "IM"]
[BlackTitle "FM"]
[WhiteElo "2425"]
[BlackElo "2313"]
[WhiteFideId "14000571"]
[BlackFideId "14520044"]
[EventDate "2019.12.29"]

1. d4 d5 2. c4 Bf5 3. Nc3 e6 4. Nf3 Nc6 5. a3 Nf6 6. e3 Be7 7. Bd3 Bg6 8. O-O
O-O 9. b4 Nb8 10. Bxg6 hxg6 11. c5 c6 12. Ne5 Nbd7 13. f4 Nxe5 14. fxe5 Nd7 15.
Qg4 Qe8 16. Bd2 f5 17. exf6 Bxf6 18. Rae1 Qf7 19. Kh1 e5 20. b5 Rae8 21. h3 exd4
22. exd4 Rxe1 23. Rxe1 Re8 24. bxc6 bxc6 25. Re2 Nf8 26. Be3 Qb7 27. Bg1 Rxe2
28. Nxe2 Qa6 29. Nf4 Kf7 30. Qf3 g5 31. Nd3 Ne6 32. Nb4 Qa4 33. Qh5+ g6 34. Qf3
a5 35. Nd3 Ke7 36. Ne5 Bxe5 37. dxe5 Qf4 38. Qe2 Kd7 39. Qb2 d4 40. Qb7+ Nc7 41.
Qb1 Qf5 42. Qd1 d3 43. Qd2 Ke6 44. Qxa5 Qxe5 45. Qb6 Qd5 46. Qxc7 d2 47. Qc8+
Kf7 48. Qb7+ Kf6 49. Qb2+ Ke6 50. Qc2 d1=Q 51. Qxg6+ Kd7 52. Qg7+ Kc8 53. Qf8+
Kb7 54. Qe7+ Qd7 55. Qxg5 Q7d4 56. Qe7+ Ka6 0-1

[Event "Mondiale Lampo FIDE 2019"]
[Site "Mosca"]
[Date "29.12.2019"]
[Round "8.73"]
[White "Atabayev, Maksat"]
[Black "Turov, Maxim"]
[Result "1/2-1/2"]
[WhiteTitle "GM"]
[BlackTitle "GM"]
[WhiteElo "2475"]
[BlackElo "2574"]
[WhiteFideId "14001101"]
[BlackFideId "4120086"]
[EventDate "2019.12.29"]

1. Nf3 Nf6 2. g3 b5 3. Bg2 Bb7 4. O-O e6 5. a4 b4 6. a5 Na6 7. c4 bxc3 8. bxc3
Rb8 9. d4 Be7 10. Ba3 c5 11. Nbd2 O-O 12. Nb3 cxd4 13. Bxe7 Qxe7 14. cxd4 Bd5
15. Nbd2 Rb2 16. Rb1 Ra2 17. Ra1 Qa3 18. Rxa2 Qxa2 19. Qa1 Qxa1 20. Rxa1 Rb8 21.
e3 Kf8 22. Bf1 Nb4 23. Rc1 Nc6 24. Ne5 Nxa5 25. e4 d6 26. exd5 dxe5 27. dxe6
exd4 28. exf7 Rb7 29. Rc5 Rb2 30. Rxa5 Rxd2 31. Bc4 Rb2 32. Rxa7 Rb8 33. f3 Rc8
34. Be6 Rd8 35. Kf2 d3 36. Ke1 d2+ 37. Kd1 Nd5 38. Bxd5 Rxd5 39. f4 h6 40. Rc7
g5 41. fxg5 hxg5 42. Rb7 Rf5 43. Rd7 Rf2 44. Rxd2 Rf1+ 45. Ke2 Rh1 46. Kf3 Kxf7
47. Kg4 Kf6 48. Rd6+ Kg7 49. Kxg5 Rxh2 50. Rd7+ Kf8 51. Kg6 Rg2 52. Rd8+ Ke7 53.
Rd3 Kf8 54. Rf3+ Kg8 55. Rb3 Kf8 56. Rf3+ Kg8 57. Kf6 Ra2 58. g4 Ra6+ 59. Kg5
Kg7 60. Rb3 Ra5+ 61. Kh4 Kg6 1/2-1/2

[Event "Mondiale Lampo FIDE 2019"]
[Site "Mosca"]
[Date "29.12.2019"]
[Round "8.74"]
[White "Piorun, Kacper"]
[Black "Potapov, Pavel"]
[Result "1-0"]
[WhiteTitle "GM"]
[BlackTitle "GM"]
[WhiteElo "2611"]
[BlackElo "2482"]
[WhiteFideId "1130420"]
[BlackFideId "4169786"]
[EventDate "2019.12.29"]

1. c4 f5 2. d4 Nf6 3. Nf3 g6 4. e3 Bg7 5. Be2 d6 6. b4 O-O 7. Bb2 a5 8. b5 e6 9.
a4 Qe7 10. O-O b6 11. Nc3 Bb7 12. Rc1 Nbd7 13. Qb3 Kh8 14. Nd2 Ne4 15. Ncxe4
fxe4 16. Qc2 Nf6 17. c5 Bd5 18. Ba3 e5 19. cxd6 cxd6 20. dxe5 Qxe5 21. Nc4 Bxc4
22. Qxc4 Nd5 23. Rcd1 Rf5 24. Qc6 Rd8 25. Bc4 Nc3 26. Rxd6 Re8 27. Bb2 Rh5 28.
h3 Rf8 29. Re6 Qf5 30. Re8 Nxa4 31. Be6 Bxb2 32. Bxf5 Rxf5 33. Rxf8+ Rxf8 34.
Qc2 1-0

[Event "Mondiale Lampo FIDE 2019"]
[Site "Mosca"]
[Date "29.12.2019"]
[Round "8.75"]
[White "Zarnicki, Pablo"]
[Black "Baron, Tal"]
[Result "0-1"]
[WhiteTitle "GM"]
[BlackTitle "GM"]
[WhiteElo "2514"]
[BlackElo "2541"]
[WhiteFideId "100137"]
[BlackFideId "2809958"]
[EventDate "2019.12.29"]

1. e4 c5 2. Nf3 Nc6 3. Bb5 g6 4. O-O Bg7 5. c3 Nf6 6. Qe2 O-O 7. Rd1 Qb6 8. d4
cxd4 9. cxd4 d5 10. e5 Ne4 11. h3 Bf5 12. Nc3 Nxc3 13. bxc3 a6 14. Ba4 Rfc8 15.
g4 Bd7 16. Bb3 e6 17. Rb1 Na5 18. Bd2 Bb5 19. Qe3 Qc6 20. Qg5 Bd3 21. Rbc1 Be2
22. Qf4 Bxd1 23. Bxd1 Nc4 24. Be1 h6 25. h4 b5 26. Bc2 b4 27. Bd3 Nb2 28. Bb1 a5
29. h5 Qe8 30. g5 hxg5 31. Nxg5 Bh6 32. Qg4 bxc3 33. hxg6 fxg6 34. Rxc3 Rxc3 35.
Bxc3 Na4 36. Nxe6 Kh8 37. Bxg6 Qxg6 38. Qxg6 Rg8 39. Qxg8+ Kxg8 40. Bxa5 Bc1 41.
Nc7 Bb2 42. e6 0-1

[Event "Mondiale Lampo FIDE 2019"]
[Site "Mosca"]
[Date "29.12.2019"]
[Round "8.76"]
[White "Gukesh, D"]
[Black "Kovalev, Vladislav"]
[Result "1/2-1/2"]
[WhiteTitle "GM"]
[BlackTitle "GM"]
[WhiteElo "2547"]
[BlackElo "2662"]
[WhiteFideId "46616543"]
[BlackFideId "13504398"]
[EventDate "2019.12.29"]

1. Nf3 Nf6 2. g3 d5 3. Bg2 e6 4. O-O Be7 5. b3 O-O 6. Bb2 b6 7. c4 Bb7 8. e3
dxc4 9. bxc4 c5 10. d3 Nc6 11. Qe2 Qc7 12. Nc3 a6 13. Rac1 Rfd8 14. Rfd1 Na5 15.
Ne1 Bxg2 16. Nxg2 Rab8 17. a4 Nc6 18. f4 Ne8 19. g4 Nd6 20. Rd2 b5 21. axb5 axb5
22. cxb5 Nxb5 23. Ne4 Rd5 24. f5 e5 25. f6 Bxf6 26. Nxf6+ gxf6 27. Nh4 Ne7 28.
Qf3 Qc6 29. Nf5 Nxf5 30. gxf5 Kf8 31. d4 c4 32. dxe5 Rbd8 33. exf6 c3 34. Rxd5
Rxd5 35. Bxc3 Nxc3 36. Rxc3 Qxc3 37. Qxd5 Qxe3+ 38. Kf1 Qc1+ 39. Ke2 Qb2+ 40.
Kf3 Qxf6 41. Qe4 Qc3+ 42. Kg2 Kg7 43. Qg4+ Kf6 44. Qh4+ Kxf5 45. Qxh7+ Ke6 46.
Qh3+ 1/2-1/2

[Event "Mondiale Lampo FIDE 2019"]
[Site "Mosca"]
[Date "29.12.2019"]
[Round "8.77"]
[White "Meier, Georg"]
[Black "Tsvetkov, Andrey"]
[Result "1-0"]
[WhiteTitle "GM"]
[BlackTitle "FM"]
[WhiteElo "2626"]
[BlackElo "2350"]
[WhiteFideId "4675789"]
[BlackFideId "34139360"]
[EventDate "2019.12.29"]

1. Nf3 d5 2. g3 c6 3. Bg2 Bg4 4. h3 Bh5 5. c4 e6 6. O-O Nf6 7. d3 Nbd7 8. cxd5
exd5 9. Nc3 Be7 10. e4 O-O 11. exd5 Nxd5 12. Nxd5 cxd5 13. Be3 Nf6 14. Qb3 Qd7
15. Ne5 Qe6 16. Bd4 Qa6 17. Rfe1 Bd6 18. g4 Bg6 19. Re3 Rfe8 20. Rae1 Rad8 21.
Nxg6 Rxe3 22. Rxe3 hxg6 23. Bf3 Bf8 24. Kg2 Qa5 25. Qxb7 Bc5 26. Bxc5 Qxc5 27.
Qe7 Qb6 28. g5 Re8 29. gxf6 1-0

[Event "Mondiale Lampo FIDE 2019"]
[Site "Mosca"]
[Date "29.12.2019"]
[Round "8.78"]
[White "Rozum, Ivan"]
[Black "Andriasian, Zaven"]
[Result "1-0"]
[WhiteTitle "GM"]
[BlackTitle "GM"]
[WhiteElo "2573"]
[BlackElo "2611"]
[WhiteFideId "24104272"]
[BlackFideId "13302000"]
[EventDate "2019.12.29"]

1. Nf3 Nf6 2. g3 d5 3. Bg2 c6 4. c4 Bg4 5. O-O e6 6. cxd5 exd5 7. d4 Nbd7 8. Nc3
Bd6 9. Nh4 Nb6 10. f3 Bd7 11. e4 Be7 12. Nf5 Bxf5 13. exf5 O-O 14. g4 c5 15. g5
Nfd7 16. f4 cxd4 17. Ne2 d3 18. Qxd3 Nc5 19. Qd4 Ne4 20. Bxe4 dxe4 21. Qxe4 Bc5+
22. Kh1 Re8 23. Qf3 Qd7 24. Ng3 Rad8 25. b4 Bxb4 26. Bb2 Nc4 27. Rad1 Nd2 28.
Qg2 Qc6 29. Rfe1 Qc2 30. Be5 g6 31. Ne4 Re7 32. Nf6+ Kf8 33. Nxh7+ Kg8 34. Nf6+
Kf8 35. Qh3 Qc6+ 36. Re4 Rxe5 37. fxe5 Ke7 38. Qg2 Nxe4 39. Rxd8 Nf2+ 40. Kg1
Qc1+ 41. Kxf2 Kxd8 42. Qd5+ Kc7 43. Qxf7+ Kc6 44. Qd7+ Kb6 45. Nd5+ Ka5 46. Qc7+
Qxc7 47. Nxc7 gxf5 48. g6 Bf8 49. Ne6 Bc5+ 50. Nxc5 1-0

[Event "Mondiale Lampo FIDE 2019"]
[Site "Mosca"]
[Date "29.12.2019"]
[Round "8.79"]
[White "Xu, Xiangyu"]
[Black "Melkumyan, Hrant"]
[Result "1-0"]
[WhiteTitle "GM"]
[BlackTitle "GM"]
[WhiteElo "2582"]
[BlackElo "2668"]
[WhiteFideId "8608288"]
[BlackFideId "13302485"]
[EventDate "2019.12.29"]

1. e4 c6 2. Nf3 d5 3. d3 Qc7 4. Nc3 dxe4 5. Nxe4 Nf6 6. Qe2 Bf5 7. Nxf6+ gxf6 8.
Bd2 Nd7 9. g3 e6 10. Bg2 O-O-O 11. O-O-O Bd6 12. Kb1 Kb8 13. Bc3 Rhg8 14. Nh4
Bg4 15. f3 Bh5 16. Bh3 f5 17. Ng2 Nb6 18. Nf4 Bg6 19. Rhe1 Na4 20. Be5 Ka8 21.
c3 Qb6 22. Qc2 Qa5 23. Bxd6 Rxd6 24. d4 Nb6 25. Bf1 Rgd8 26. b4 Qa3 27. Qb3
Qxb3+ 28. axb3 Nd5 29. Nxd5 f4+ 30. Kb2 Rxd5 31. g4 h5 32. Bc4 R5d6 33. g5 h4
34. Re5 a6 35. Kc1 Rg8 36. Kd2 b5 37. Bd3 Kb7 38. Rg1 Rd5 39. Bxg6 Rxg6 40. Kd3
Kc7 41. Ke4 f6 42. Rxd5 cxd5+ 43. Kxf4 fxg5+ 44. Rxg5 Rf6+ 45. Ke3 Kd6 46. Rg7
Kc6 47. Rh7 Rg6 48. Rxh4 Rg1 49. Rh8 Rb1 50. h4 Rxb3 51. Kd3 Rb1 52. h5 Rd1+ 53.
Ke2 Rh1 54. h6 Kb7 55. Kf2 Kc7 56. Kg2 Rh5 57. Kg3 Kb7 58. Kg4 Rf5 59. Rg8 1-0

[Event "Mondiale Lampo FIDE 2019"]
[Site "Mosca"]
[Date "29.12.2019"]
[Round "8.80"]
[White "Afanasiev, Nikita"]
[Black "Yilmaz, Mustafa"]
[Result "1/2-1/2"]
[WhiteTitle "IM"]
[BlackTitle "GM"]
[WhiteElo "2517"]
[BlackElo "2604"]
[WhiteFideId "24183555"]
[BlackFideId "6302718"]
[EventDate "2019.12.29"]

1. Nf3 c5 2. c4 Nc6 3. Nc3 g6 4. d4 cxd4 5. Nxd4 Bg7 6. Nc2 Bxc3+ 7. bxc3 Qa5 8.
e4 d6 9. Rb1 Nf6 10. f3 Ne5 11. Nb4 Be6 12. Nd5 Bxd5 13. cxd5 O-O 14. Bd2 Rfc8
15. Be2 Qc5 16. Qa4 Kg7 17. Rxb7 Rab8 18. Rb3 h5 19. h4 Kg8 20. g3 Qc7 21. Kf2
Nfd7 22. Qd4 Qa5 23. Rhb1 Qxa2 24. Rxb8 Rxb8 25. Rxb8+ Nxb8 26. f4 Ng4+ 27. Bxg4
hxg4 28. e5 Nd7 29. Ke2 Nc5 30. f5 Nb3 31. Qe3 gxf5 32. exd6 Qa6+ 33. c4 Qxc4+
34. Kf2 Nxd2 35. Qg5+ Kh8 36. Qh6+ Kg8 37. Qg5+ Kh8 38. Qh6+ Kg8 39. Qg5+ Kh8
40. Qh6+ Kg8 41. Qg5+ 1/2-1/2

[Event "Mondiale Lampo FIDE 2019"]
[Site "Mosca"]
[Date "29.12.2019"]
[Round "8.81"]
[White "Harsha, Bharathakoti"]
[Black "Sasikiran, Krishnan"]
[Result "0-1"]
[WhiteTitle "GM"]
[BlackTitle "GM"]
[WhiteElo "2523"]
[BlackElo "2656"]
[WhiteFideId "5078776"]
[BlackFideId "5004985"]
[EventDate "2019.12.29"]

1. c4 e5 2. Nc3 Nc6 3. e3 Nf6 4. Nf3 Bb4 5. Qc2 Bxc3 6. bxc3 O-O 7. e4 d6 8. g3
a6 9. a4 Ne8 10. Nh4 Ne7 11. Bg2 f5 12. exf5 Nxf5 13. Nf3 Nf6 14. O-O h6 15. d3
Bd7 16. Nd2 Bc6 17. Ne4 Nxe4 18. dxe4 Ne7 19. a5 Kh8 20. Be3 Ng8 21. c5 Nf6 22.
cxd6 cxd6 23. Bb6 Qe7 24. Rad1 Rac8 25. Rfe1 Nd7 26. Be3 Rf6 27. Qb2 Rcf8 28.
Rd2 Nc5 29. Bxc5 dxc5 30. Red1 Qf7 31. f3 Rxf3 32. Bxf3 Qxf3 33. Rd8 Kh7 34.
Rxf8 Qxd1+ 35. Rf1 Qd3 36. Qb1 Qe3+ 37. Rf2 Bxe4 38. Qd1 Qxc3 39. Qe2 Qd4 40.
Qd2 c4 41. h4 c3 42. Qc1 c2 43. h5 0-1